[Event "Madrid San Viator op 14th"]
[Site "Madrid"]
[Date "2010.05.09"]
[Round "6"]
[White "Pozuelo Yuen, Fernando"]
[Black "Romero Alfonso, Carlos"]
[Result "0-1"]
[WhiteElo "1821"]
[BlackElo "1883"]
[PlyCount "66"]
[EventDate "2010.03.28"]
[EventType "swiss"]
[EventRounds "9"]
[EventCountry "ESP"]
[SourceTitle "EXT 2011"]
[Source "ChessBase"]
[SourceDate "2010.11.26"]
[SourceVersion "1"]
[SourceVersionDate "2010.11.26"]
[SourceQuality "1"]

1. e4 c5 2. c3 Nf6 3. e5 Nd5 4. d4 cxd4 5. Qxd4 e6 6. Nf3 Nc6 7. Qe4 d6 8. Bb5 Bd7 9. 0-0 dxe5 10. c4 Nf6 11. Qh4 Nd4 12. Nxd4 exd4 13. Qxd4 Bxb5 14. Qxd8+ Rxd8 15. cxb5 Bc5 16. Nc3 h6 17. h3 Rd3 18. Bf4 Ke7 19. Rac1 Rhd8 20. Na4 Bd6 21. Nc5 Bxc5 22. Rxc5 Nd5 23. Be5 f6 24. Bc3 Nxc3 25. Rxc3 Rxc3 26. bxc3 Rd2 27. Rc1 Rxa2 28. c4 b6 29. c5 bxc5 30. Rxc5 Kd7 31. g3 Rd2 32. Rc3 Ra2 33. Kg2 Ra5 0-1